Môi trường đô thị
Nội dung sách “môi trường đô thị” giới thiệu những kiến thức cơ bản về môi trường đô thị, bảo vệ môi trường đô thị, các phương pháp đánh giá, quản lý và các phương pháp hạn chế ô nhiễm môi trường đô thị. Trong cuốn sách này phần ca...
Guardat en:
| Autor principal: | |
|---|---|
| Format: | Llibre |
| Idioma: | Undetermined |
| Publicat: |
Hà Nội
Xây dựng
2008
|
| Matèries: | |
| Etiquetes: |
Afegir etiqueta
Sense etiquetes, Sigues el primer a etiquetar aquest registre!
|
| Thư viện lưu trữ: | Trung tâm Học liệu Trường Đại học Cần Thơ |
|---|
| LEADER | 01303nam a2200229Ia 4500 | ||
|---|---|---|---|
| 001 | CTU_135475 | ||
| 008 | 210402s9999 xx 000 0 und d | ||
| 020 | |c 39000 | ||
| 082 | |a 363.73 | ||
| 082 | |b Ph561 | ||
| 100 | |a Nguyễn, Trọng Phượng | ||
| 245 | 0 | |a Môi trường đô thị | |
| 245 | 0 | |c Nguyễn Trọng Phượng | |
| 260 | |a Hà Nội | ||
| 260 | |b Xây dựng | ||
| 260 | |c 2008 | ||
| 520 | |a Nội dung sách “môi trường đô thị” giới thiệu những kiến thức cơ bản về môi trường đô thị, bảo vệ môi trường đô thị, các phương pháp đánh giá, quản lý và các phương pháp hạn chế ô nhiễm môi trường đô thị. Trong cuốn sách này phần cây xanh được biên soạn thành một chương riêng vì cây xanh có vai trò đặc biệt trong việc cải thiện môi trường cảnh quan đô thị. | ||
| 650 | |a Industrial ecology,Architecture,Biotechnology,Water,Environmental protection,Kiến trúc | ||
| 650 | |x Microbiology | ||
| 650 | |y Environmental aspects,Khía cạnh môi trường | ||
| 904 | |i Duy Bằng | ||
| 980 | |a Trung tâm Học liệu Trường Đại học Cần Thơ | ||